000 00702nam a2200145 a 4500
001 000034221
005 20200930070859.0
008 110928s1935 dr 000 0 spa d
040 _aDO-SdBNP
_bspa
_cBNPHU
110 1 _aRepública Dominicana
_bSecretaría de Estado de Relaciones Exteriores
_92256
245 1 0 _aCandidatura de su excelencia el generalisimo doctor Rafael L. Trujillo Molina, presidente de la República Dominicana y de su excelencia el Dr. Stenio Vincent presidente de la República de Haití para el premio Novel de la Paz que sera adjudicado en 1926 /.
260 _aCiudad Trujillo, República Dominicana :
_bEditora La Nación,
_c1935.
300 _a164 p. ;
_c24 cm.
049 _aBNPD
999 _c33712
_d33712